Fragmentos relativos a'historia e geographia da Peninsula Iberica (Record no. 154141)

MARC details
000 -LEADER
campo de control de longitud fija 00923nam a22002295i 4500
001 - NÚMERO DE CONTROL
campo de control 154141
003 - IDENTIFICADOR DE NÚMERO DE CONTROL
campo de control ES-MaACL
005 - FECHA Y HORA DE LA ÚLTIMA TRANSACCIÓN
campo de control 20250720115259.0
008 - DATOS DE LONGITUD FIJA--INFORMACIÓN GENERAL
campo de control de longitud fija 980508s1880 po |||| | por d
040 ## - FUENTE DE CATALOGACIÓN
Centro catalogador/agencia de origen CAM
Lengua de catalogación spa
Centro/agencia transcriptor CAM
245 00 - MENCIÓN DEL TÍTULO
Título Fragmentos relativos a'historia e geographia da Peninsula Iberica
Resto del título : Caius Plinius Secundus, Pomponius Mela /
Mención de responsabilidad, etc. Gabriel Pereira.
260 ## - PUBLICACIÓN, DISTRIBUCIÓN, ETC.
Lugar de publicación, distribución, etc. Evora :
Nombre del editor, distribuidor, etc. [s.n.],
Fecha de publicación, distribución, etc. 1879 (
Fabricante Typ. de Francisco da Cunha Bravo)
300 ## - DESCRIPCIÓN FÍSICA
Extensión 31 p. ;
Dimensiones 22 cm.
596 #1 - NOTA AL PIE DE IMPRENTA
NOTA AL PIE DE IMPRENTA Fecha de la cub. 1880.
651 #4 - PUNTO DE ACCESO ADICIONAL DE MATERIA--NOMBRE GEOGRÁFICO
Nombre geográfico Península Ibérica-
Subdivisión general Geografía antigua-
Subdivisión de forma Fuentes.
9 (RLIN) 137305
651 #4 - PUNTO DE ACCESO ADICIONAL DE MATERIA--NOMBRE GEOGRÁFICO
Nombre geográfico Península Ibérica-
Subdivisión general Historia antigua-
Subdivisión de forma Fuentes.
9 (RLIN) 137306
700 0# - ENTRADA AGREGADA--NOMBRE PERSONAL
Nombre de persona Pereira, Gabriel.
9 (RLIN) 90471
700 1# - ENTRADA AGREGADA--NOMBRE PERSONAL
Nombre de persona Plinio Segundo, Cayo
9 (RLIN) 92659
700 0# - ENTRADA AGREGADA--NOMBRE PERSONAL
Nombre de persona Mela, Pomponio.
9 (RLIN) 79880
852 ## - LOCALIZACIÓN
Ubicación ES-MaACL
Número de control de estantería T-425-F-9
Nota libre -- Enc. hol.
condición física -- Falto de la cub. original
Nota libre -- Enc. en un vol. facticio
Holdings
Estatus retirado Estado de pérdida Estado de daño No para préstamo Colección Biblioteca de origen Biblioteca actual Ubicación en estantería Fecha de adquisición Total de préstamos Signatura topográfica completa Código de barras Visto por última vez Precio de reemplazo Tipo de ítem Koha
        Colección de folletos Biblioteca del Ateneo de Madrid Biblioteca del Ateneo de Madrid Depósito folletos 17/01/2008   T-425-F-9 1161178 23/02/2023 23/02/2023 Folleto